|
|
|
|
| LEADER |
01702nem a2200457 a 4500 |
| 001 |
nkc20061655123 |
| 003 |
CZ PrNK |
| 005 |
20070209075540.0 |
| 007 |
aj canzn |
| 008 |
060516s2005 xr g a 0 cze |
| 015 |
|
|
|a cnb001655123
|
| 020 |
|
|
|a 80-239-8114-5
|q (v mapě neuvedeno)
|
| 034 |
0 |
|
|a a
|
| 040 |
|
|
|a BOA001
|b cze
|d ABA001
|
| 041 |
1 |
|
|a cze
|a pol
|h cze
|
| 043 |
|
|
|a e-xr---
|b e-xr-ol
|a e-pl---
|2 czenas
|
| 072 |
|
7 |
|a 913(4)
|x Geografie Evropy, reálie, cestování
|2 Konspekt
|9 7
|
| 080 |
|
|
|a 796.61
|2 MRF
|
| 080 |
|
|
|a 913(437.325)
|2 MRF
|
| 080 |
|
|
|a 913(438)
|2 MRF
|
| 080 |
|
|
|a 913(1-192)
|2 MRF
|
| 080 |
|
|
|a 912.43:796.61
|2 MRF
|
| 080 |
|
|
|a (084.3)
|2 MRF
|
| 245 |
0 |
0 |
|a Cyklotrasy v česko-polském příhraničí
|h [kartografický dokument] =
|b Trasy rowerowe na czesko polskim pograniczu
|
| 246 |
3 |
1 |
|a Trasy rowerowe na czesko polskim pograniczu
|
| 255 |
|
|
|a Měřítko neuvedeno
|
| 260 |
|
|
|a Olomouc :
|b Olomoucký kraj,
|c 2005
|
| 300 |
|
|
|a 1 mapa :
|b barev. ;
|c 30 x 42 cm, složeno na 21 x 10 cm
|
| 546 |
|
|
|a Souběžný polský vlastivědný text na rubu
|
| 650 |
0 |
7 |
|a cykloturistika
|7 ph114274
|z Česko
|2 czenas
|
| 650 |
0 |
7 |
|a cykloturistika
|7 ph114274
|z Polsko
|2 czenas
|
| 650 |
0 |
7 |
|a pohraničí
|7 ph124197
|z Česko
|2 czenas
|
| 650 |
0 |
7 |
|a pohraničí
|7 ph124197
|z Polsko
|2 czenas
|
| 651 |
|
7 |
|a Javorník (Jeseník, Česko : oblast)
|7 ge130959
|2 czenas
|
| 651 |
|
7 |
|a Zlaté Hory (Česko : oblast)
|7 ge171398
|2 czenas
|
| 655 |
|
7 |
|a cykloturistické mapy
|7 fd131996
|2 czenas
|
| 910 |
2 |
|
|a BOA001
|b Mp2-1170.388
|
| 990 |
|
|
|a MP
|
| 995 |
|
|
|a 01
|
| 991 |
|
|
|b 200606
|c NOV
|
| 996 |
6 |
|
|b 2610282959
|c Mp2-1170.388
|l MZK
|r Sklad / do 1 hodiny
|n 0
|p p.v.
|w 000816524
|u 000010
|a 1
|e BOA001
|j MZK50
|s P
|